Η τύχη και η αναγκαιότητα : δοκίμιο για τη φυσική φιλοσοφία της νεότερης βιολογίας
Αποθηκεύτηκε σε:
| Κύριος συγγραφέας: | |
|---|---|
| Άλλοι συγγραφείς: | |
| Μορφή: | Βιβλίο |
| Γλώσσα: | Greek French |
| Δημοσίευση: |
[Αθήνα] :
Ράππας,
c1971.
|
| Σειρά: | Προβλήματα του καιρού μας (Ράππας)
|
| Θέματα: | |
| Ετικέτες: |
Προσθήκη ετικέτας
Δεν υπάρχουν, Καταχωρήστε ετικέτα πρώτοι!
|
MARC
| LEADER | 00000cam a2200000 i 4500 | ||
|---|---|---|---|
| 001 | 1/22054 | ||
| 008 | 950220s1971 gr | ||| |||| ||gre|| | ||
| 035 | |a 1987 |b 3 |c Ανθουλιάς |l 10036462 | ||
| 040 | |a GR-MyUA |b gre |e AACR2 | ||
| 041 | 1 | |a gre |h fre | |
| 082 | 0 | |a 574.87 | |
| 100 | 1 | |a Monod, Jacques. | |
| 245 | 1 | 2 | |a Η τύχη και η αναγκαιότητα : |b δοκίμιο για τη φυσική φιλοσοφία της νεότερης βιολογίας / |c Ζακ Μονό ; μετάφραση Νίκος Π. Παπαδόπουλος ; επιστημονική θεώρηση Γεώργιος Λογαράς. |
| 260 | |a [Αθήνα] : |b Ράππας, |c c1971. | ||
| 300 | |a 256 σ. ; |c 21 εκ. | ||
| 490 | 1 | |a (Προβλήματα του καιρού μας) | |
| 500 | |a Τίτλος πρωτοτύπου: Le hasard et la necessite. | ||
| 500 | |a Το αντίτυπο της Ρόδου με αριθμό εισαγωγής 122414 είναι δεμένο με: Ο Μονό και η διαλεκτική / Ζακ Μιλώ...[κ.ά.]. - Ελευθερία και αναγκαιότητα / Τζόαν Ρόμπινσον. | ||
| 504 | |a Περιέχει ευρετήριο. | ||
| 650 | 0 | 0 | |a Biology |x Philosophy. |
| 700 | 1 | |a Παπαδόπουλος, Νίκος Π. |e trl | |
| 830 | 0 | |a Προβλήματα του καιρού μας (Ράππας) | |
| 852 | |a INST |b LESVOS |e 19950220 |h 574.01 MON |p 005100002840 |q 005100002840 |t BK |y 0 | ||
| 852 | |a INST |b RHODES |e 19961007 |h 574.87 MON |p 005400008966 |q 005400008966 |t BK |y 0 | ||
| 852 | |a INST |b RHODES |c KRI |e 20051026 |h 574.87 MON |p 005400022367 |q 005400022367 |t BK |y 0 | ||
| 909 | |a Ρ |b 004185 | ||
| 909 | |a Ρ |b 122414 | ||
| 909 | |a Λ |b 011407 | ||
| 922 | |a 1ΕΛΗ |b 198807 |c ΠΠ/8114 | ||
| 970 | |a ΚΟΖΑ |b ΜΑΡΙΑ |z 2005/10/26 | ||